Welcome to the Holygrace Academy Library

Please use search bar below to get started

CHILD PROTECTION (Record no. 5600)

MARC details
000 -LEADER
fixed length control field 00376nam a22001457a 4500
020 ## - INTERNATIONAL STANDARD BOOK NUMBER
ISBN 978-81-314-1884-0
082 ## - DEWEY DECIMAL CLASSIFICATION NUMBER
Classification number 150
Item number PIL/C
100 ## - MAIN ENTRY--AUTHOR NAME
Personal name PILLAI, VIMAL MICHAEL
245 ## - TITLE STATEMENT
Title CHILD PROTECTION
Remainder of title CHALLENGES AND INITIATIVES
250 ## - EDITION STATEMENT
Edition statement FIRST EDITION
260 ## - PUBLICATION, DISTRIBUTION, ETC. (IMPRINT)
Place of publication HYDERABAD
Name of publisher THE ICFAI UNIVERSITY PRESS
Year of publication 2008
300 ## - PHYSICAL DESCRIPTION
Number of Pages 209
650 ## - SUBJECT ADDED ENTRY--TOPICAL TERM
Topical Term PSYCHOLOGY
Geographic subdivision INDIA
942 ## - ADDED ENTRY ELEMENTS (KOHA)
Koha item type Books
Holdings
Withdrawn status Lost status Collection code Home library Current library Shelving location Date acquired Source of acquisition Full call number Accession Number Koha item type
    Reference Main Library Main Library SHELF 15E--PSYCHOLOGY,JOKES 03/11/2012 purchase 150 PIL/C 07044 Books